15 Most Famous Cities in Mauritania on a Map - Statistics

General Stats
  • This quiz has been taken 49 times
  • The average score is 4 of 15
Answers on the Map
Answers color-coded by a green-red scale on the quiz's map according to % correct below.
 
Answer Stats
Wiki Monthly Views Cityquiz Mention Rate Population Answers % Correct
32.55K 25.62% 1446.76K Nouakchott
100%
7.04K 2.73% 173.53K Nouadhibou
64%
1.91K 0.78% 33.58K Rosso
31%
2.22K 1.16% 25.19K Atar
25%
0.96K 0.57% 45.54K Kaédi
25%
2.88K 1.20% 50.21K Kiffa
25%
0.90K 0.27% 15.52K Aleg
19%
1.20K - 1.15K Choum
19%
2.80K 0.15% 62.38K Zouérat
19%
6.55K 0.24% 3.23K Chinguetti
17%
1.02K 0.67% 21.71K Néma
14%
2.45K 0.14% 1.33K Ouadane
14%
2.07K 0.08% 1.28K Oualata
14%
1.12K 0.02% 1.28K Tichit
14%
1.01K 0.07% 12.82K Akjoujt
11%
No matching quizzes found
Score Distribution
Percent of People with Each Score
Percentile by Number Answered
Your Score History
You have not taken this quiz